CItizenship Imperilled: (Record no. 201117)

MARC details
000 -LEADER
fixed length control field 00554nam a22001817a 4500
005 - DATE AND TIME OF LATEST TRANSACTION
control field 20240307111947.0
010 ## - LCCN (DPL NO)
LC control number ENG-139475
020 ## - INTERNATIONAL STANDARD BOOK NUMBER
International Standard Book Number 9788178246451
Terms of availability 449.00
035 ## - SYSTEM CONTROL NUMBER
System control number EN-123007
037 ## - SOURCE OF ACQUISITION
Source of stock number/acquisition DBAD/PUB
082 ## - DEWEY DECIMAL CLASSIFICATION NUMBER
Classification number 323.6
100 ## - MAIN ENTRY--PERSONAL NAME
Personal name JAYAL, NIRAJA GOPAL
245 ## - TITLE STATEMENT
Title CItizenship Imperilled:
Remainder of title Endia'Fragile Democarcy/
Statement of responsibility, etc By NIRAJA GOPAL JAYAL
260 ## - PUBLICATION, DISTRIBUTION, ETC. (IMPRINT)
Name of publisher, distributor, etc Permanent Black
Place of publication, distribution, etc Ranikhet Cantt
270 ## - ADDRESS
Address 'Himalayana' , Mall Road, Ranikhet Cantt,
300 ## - PHYSICAL DESCRIPTION
Extent 250p.
Dimensions 22cm(pbk)
942 ## - ADDED ENTRY ELEMENTS (KOHA)
Source of classification or shelving scheme Dewey Decimal Classification
Item type English Books
Classification part 323.6
Call number suffix JAY
Holdings
Withdrawn status Lost status Not for loan Collection code Home library Current library Date acquired Source of acquisition Cost, normal purchase price Full call number Barcode Copy number Cost, replacement price Koha item type
      Non-fiction Peshwa Road Peshwa Road 29/02/2024 DBAD/PUB 795.00 323.6 JAY EN-123007 1 795.00 English Books

© Delhi Public Library
Hit Counter
free hit counter